<?xml version="1.0" encoding="UTF-8"?>
<record
    xmlns:xsi="http://www.w3.org/2001/XMLSchema-instance"
    xsi:schemaLocation="http://www.loc.gov/MARC21/slim http://www.loc.gov/standards/marcxml/schema/MARC21slim.xsd"
    xmlns="http://www.loc.gov/MARC21/slim">

  <leader>02096cam a2200373 i 4500</leader>
  <controlfield tag="001">21128257</controlfield>
  <controlfield tag="003">OSt</controlfield>
  <controlfield tag="005">20220411135117.0</controlfield>
  <controlfield tag="008">190812s2020    flu      b    001 0 eng  </controlfield>
  <datafield tag="010" ind1=" " ind2=" ">
    <subfield code="a">  2019033993</subfield>
  </datafield>
  <datafield tag="020" ind1=" " ind2=" ">
    <subfield code="a">9781604271607</subfield>
    <subfield code="q">(paperback ;</subfield>
    <subfield code="q">acid-free paper)</subfield>
  </datafield>
  <datafield tag="040" ind1=" " ind2=" ">
    <subfield code="a">DLC</subfield>
    <subfield code="b">eng</subfield>
    <subfield code="c">AIMIT LIBRARY</subfield>
    <subfield code="e">rda</subfield>
    <subfield code="d">DLC</subfield>
  </datafield>
  <datafield tag="042" ind1=" " ind2=" ">
    <subfield code="a">pcc</subfield>
  </datafield>
  <datafield tag="050" ind1="0" ind2="0">
    <subfield code="a">HD69.B87</subfield>
    <subfield code="b">C37 2020</subfield>
  </datafield>
  <datafield tag="082" ind1="0" ind2="0">
    <subfield code="a">658.4012</subfield>
    <subfield code="2">2</subfield>
    <subfield code="b">CHAJ</subfield>
  </datafield>
  <datafield tag="100" ind1="1" ind2=" ">
    <subfield code="a">Champagne, Jamie,</subfield>
    <subfield code="d">1982-</subfield>
    <subfield code="9">29166</subfield>
  </datafield>
  <datafield tag="245" ind1="1" ind2="0">
    <subfield code="a">Seven steps to mastering business analysis :</subfield>
    <subfield code="b">the essentials /</subfield>
    <subfield code="c">By Jamie Champagne.</subfield>
  </datafield>
  <datafield tag="250" ind1=" " ind2=" ">
    <subfield code="a">2nd ed.</subfield>
  </datafield>
  <datafield tag="260" ind1=" " ind2=" ">
    <subfield code="a">USA :</subfield>
    <subfield code="b">J. Ross Publishing .</subfield>
    <subfield code="c">2020.</subfield>
  </datafield>
  <datafield tag="300" ind1=" " ind2=" ">
    <subfield code="a">xvii, 259p. ;</subfield>
    <subfield code="c">24 cm.</subfield>
    <subfield code="b">PB</subfield>
  </datafield>
  <datafield tag="336" ind1=" " ind2=" ">
    <subfield code="a">text</subfield>
    <subfield code="b">txt</subfield>
    <subfield code="2">rdacontent</subfield>
  </datafield>
  <datafield tag="337" ind1=" " ind2=" ">
    <subfield code="a">unmediated</subfield>
    <subfield code="b">n</subfield>
    <subfield code="2">rdamedia</subfield>
  </datafield>
  <datafield tag="338" ind1=" " ind2=" ">
    <subfield code="a">volume</subfield>
    <subfield code="b">nc</subfield>
    <subfield code="2">rdacarrier</subfield>
  </datafield>
  <datafield tag="490" ind1="0" ind2=" ">
    <subfield code="a">Business analysis professional development series</subfield>
  </datafield>
  <datafield tag="500" ind1=" " ind2=" ">
    <subfield code="a">Revised edition of Seven steps to mastering business analysis, c2009.</subfield>
  </datafield>
  <datafield tag="504" ind1=" " ind2=" ">
    <subfield code="a">Includes bibliographical references and index.</subfield>
  </datafield>
  <datafield tag="520" ind1=" " ind2=" ">
    <subfield code="a">"This volume in the Business Analysis Professional Development Series by leading expert and keynote speaker Jamie Champagne is the second edition of our number #1 best seller. It is an instructional text that will help relatively new analysts, and those expected who do business analysis work in addition to their main role, build their skill sets, master the essentials, and advance their careers. Since the content is aligned with the consensus-based business analysis standards of both the Project Management Institute (PMI) and the International Institute of Business Analysis (IIBA), as articulated in their respective guides and bodies of knowledge, this book continues to be an excellent reference for the PMI-PBA, ECBA, CCBA, and CBAP certification exams"--</subfield>
    <subfield code="c">Provided by publisher.</subfield>
  </datafield>
  <datafield tag="650" ind1=" " ind2="0">
    <subfield code="a">Business analysts.</subfield>
    <subfield code="9">29167</subfield>
  </datafield>
  <datafield tag="650" ind1=" " ind2="0">
    <subfield code="a">Business planning.</subfield>
    <subfield code="9">29168</subfield>
  </datafield>
  <datafield tag="650" ind1=" " ind2="0">
    <subfield code="a">Organizational effectiveness.</subfield>
    <subfield code="9">29169</subfield>
  </datafield>
  <datafield tag="650" ind1=" " ind2="0">
    <subfield code="a">Business Environment.</subfield>
    <subfield code="9">29170</subfield>
  </datafield>
  <datafield tag="650" ind1=" " ind2="0">
    <subfield code="a">Requirements analysis Techniques.</subfield>
    <subfield code="9">29171</subfield>
  </datafield>
  <datafield tag="942" ind1=" " ind2=" ">
    <subfield code="2">ddc</subfield>
    <subfield code="c">BK</subfield>
    <subfield code="e">2nd ed.</subfield>
    <subfield code="k">658.4012 CHAJ</subfield>
  </datafield>
  <datafield tag="999" ind1=" " ind2=" ">
    <subfield code="c">222344</subfield>
    <subfield code="d">222344</subfield>
  </datafield>
  <datafield tag="952" ind1=" " ind2=" ">
    <subfield code="0">0</subfield>
    <subfield code="1">0</subfield>
    <subfield code="2">ddc</subfield>
    <subfield code="4">0</subfield>
    <subfield code="7">0</subfield>
    <subfield code="8">MBA</subfield>
    <subfield code="a">AIMIT</subfield>
    <subfield code="b">AIMIT</subfield>
    <subfield code="d">2022-03-24</subfield>
    <subfield code="e">Biblios Book Point</subfield>
    <subfield code="g">5512.06</subfield>
    <subfield code="i">Bill no:6621; Bill dt:2022-03-22</subfield>
    <subfield code="l">0</subfield>
    <subfield code="o">658.4012 CHAJ</subfield>
    <subfield code="p">MBA14377</subfield>
    <subfield code="r">2026-05-23 00:00:00</subfield>
    <subfield code="v">4409.65</subfield>
    <subfield code="w">2022-04-11</subfield>
    <subfield code="y">BK</subfield>
  </datafield>
</record>
